000 002880000a22001330004500
003 MACL
040 _aMACL
090 _c38809
_d38807
100 _aLodge, Sir Oliver
245 _aLife and Matter
260 _bWilliams and Norgate
_c1911
650 _aPhilosophy
942 _cBOOK
_k100/LOD
999 _c38390
_d38390